00579nam a2200205Ia 450000500170000000800410001702000220005804000190008004100120009908200200011110000230013124500490015426000370020330000090024044000320024950400260028165000300030765100260033785000100036320230311135330.0131103s9999 xx 000 0 und d a817201709XcRs 15 aLoreto College aEnglish a891.44bVID-BAN aBanerjee, Hiranmay aIshwarchandra Vidyasagar cHiranmay Banerjee aNew DelhibSahitya Akademic1968 a83p  aMakers of Indian Literature aIncludes bibliography aVidyasagar, Ishwarchandra aLiterature in Bengali aLCLIB